Shahi Faqir (Record no. 189881)

MARC details
000 -LEADER
fixed length control field 00683nam a22001937a 4500
005 - DATE AND TIME OF LATEST TRANSACTION
control field 20220714114136.0
010 ## - LCCN (DPL NO)
LC control number ENG-1333560
020 ## - INTERNATIONAL STANDARD BOOK NUMBER
International Standard Book Number 9788170263470
Terms of availability 295.00
035 ## - SYSTEM CONTROL NUMBER
System control number EN-117092
037 ## - SOURCE OF ACQUISITION
Source of stock number/acquisition DBAD/PUB
082 ## - DEWEY DECIMAL CLASSIFICATION NUMBER
Classification number 920
100 ## - MAIN ENTRY--PERSONAL NAME
Personal name Gupta, Ashok
245 ## - TITLE STATEMENT
Title Shahi Faqir
Remainder of title Babaji Ajit Singh Chaggr
Statement of responsibility, etc by Ashok Gupta
260 ## - PUBLICATION, DISTRIBUTION, ETC. (IMPRINT)
Place of publication, distribution, etc NEW DELHI
Name of publisher, distributor, etc Heritage
Date of publication, distribution, etc 2018
270 ## - ADDRESS
Address 19-A, Ansari Road, Daryaganj
City NEW DELHI
Postal code 110002
300 ## - PHYSICAL DESCRIPTION
Extent 85P:
Dimensions 21cm(Pbk)
700 ## - ADDED ENTRY--PERSONAL NAME
Personal name Gupta, Ashok
942 ## - ADDED ENTRY ELEMENTS (KOHA)
Source of classification or shelving scheme Dewey Decimal Classification
Item type English Books
Classification part 338,91091724
Call number suffix GOP
Holdings
Withdrawn status Lost status Not for loan Collection code Home library Current library Date acquired Source of acquisition Full call number Barcode Copy number Cost, replacement price Koha item type
      Non-fiction Ashok Vihar Ashok Vihar 14/07/2022 DBAD/PUB 338,91091724 GOP 117092 1 295.00 English Books

© Delhi Public Library
Hit Counter
free hit counter